Szczegóły MARC21

Opodatkowanie Kościoła Katolickiego i osób duchownych /

005 -DATA I CZAS OSTATNIEJ MODYFIKACJI [,]
    • @
    • pole kontrolne
    • 20150918134821.0
020 -Międzynarod. znormalizowany nr książki - ISBN [ , ]
    • a
    • Numer ISBN
    • 9788372853646 Find
040 -Instytucja sporządzająca opis [ , ]
    • c
    • Instytucja, która sporządziła rekord (NP)
    • SZCZ U/MSZ
041 -Język dokumentu [0, ]
    • a
    • Język tekstu (P)
    • polski
044 -Kraj miejsca wydania [ , ]
    • a
    • Kraj miejsca wydania
    • Polska
942 -Rodzaj dokumentu [ , ]
    • c
    • Rodzaj dokumentu
    • Książka
100 -Hasło główne - nazwa osobowa [1, ]
    • a
    • Nazwa osobowa (NP)
    • Patyk, Jacek.
    • 9
    • KHW
    • 28403
245 -Strefa tytułu i oznaczenia odpowiedzialności [1,0]
    • a
    • Tytuł
    • Opodatkowanie Kościoła Katolickiego i osób duchownych / Find
    • c
    • Pozostałe elementy strefy tytułu i oznaczenia odpowiedzialności (NP)
    • Jacek Patyk.
250 -Strefa wydania [ , ]
    • a
    • Oznaczenie wydania (NP)
    • Wyd. 2.
260 -Strefa adresu wydawniczego [ , ]
    • a
    • Miejsce wydania (P)
    • Toruń :
    • b
    • Nazwa wydawcy (P)
    • Towarzystwo Naukowe Organizacji i Kierownictwa "Dom Organizatora",
    • c
    • Data wydania (P)
    • 2008.
300 -Strefa opisu fizycznego [ , ]
    • a
    • Określenie formy książki i/lub objętość (NP)
    • 385 s. ;
    • c
    • Format (NP)
    • 24 cm.
504 -Uwaga dot. bibliogr. załącznikowej [ , ]
    • a
    • Uwaga dot. bibliografii załącznikowej
    • Bibliogr. s. 365 - 385.
080 -Uniwersalna Klasyfikacja Dziesiętna [ , ]
    • 2
    • Identyfikator wydania tablic
    • UDC-P058
    • 9
    • UKD
    • 48937
    • a
    • Symbol klasyfikacji
    • 272-7
    • b
    • Dopowiedzenie
    • Kościół rzymskokatolicki. - Organizacja Kościoła. Struktura Kościoła. Hierarchia. Osoby świeckie. Laikat.
    • 4
    • UKD2
    • 7642
    • x
    • Poddział wspólny
    • (438)
    • c
    • Dopowiedzenie poddz. wspólnego
    • (Polska).
    • 4
    • UKD2
    • 8111
    • x
    • Poddział wspólny
    • (4)
    • c
    • Dopowiedzenie poddz. wspólnego
    • (Europa).
080 -Uniwersalna Klasyfikacja Dziesiętna [ , ]
    • 2
    • Identyfikator wydania tablic
    • UDC-P058
    • 9
    • UKD
    • 3133
    • a
    • Symbol klasyfikacji
    • 336.221.24
    • b
    • Dopowiedzenie
    • Zasady i praktyka prawa podatkowego.
    • 4
    • UKD2
    • 7642
    • x
    • Poddział wspólny
    • (438)
    • c
    • Dopowiedzenie poddz. wspólnego
    • (Polska).
    • 4
    • UKD2
    • 8111
    • x
    • Poddział wspólny
    • (4)
    • c
    • Dopowiedzenie poddz. wspólnego
    • (Europa).
980 -Symbol UKD [ , ]
    • a
    • UKD
    • 272-7:336.221.24](438:4)
710 -Hasło dodatkowe - nazwa ciała zbiorowego [2, ]
    • a
    • Nazwa ciała zbiorowego lub nazwa geograficzna jako pierwszy element (NP)
    • Towarzystwo Naukowe Organizacji i Kierownictwa.
    • b
    • Nazwa jednostki podrzędnej (P)
    • Dom Organizatora.
    • 4
    • Kod relacji
    • pbl
    • 9
    • KHW
    • 53670
920 -ISBN [ , ]
    • a
    • ISBN
    • 978-83-7285-364-6 Find
Data inwentaryzacji Lokalizacja Sygnatura Numer inwentarzowy Status udost.
2016-02-12BE2GW.4213-3